01148nam a2200193Ia 4500001001100000003001000011008004100021040002500062041001300087100002700100245007400127250001100201260005000212300001200262500026600274501011400540520026600654650003400920L251-17999IT-CnALBA170116s9999||||xx |||||||||||||| ||und|| aIT-CnALBAcIT-CnALBA aITALIANO aFRANCO P. SECONDO, SJ. 0aLE VIE DELLA PERFEZIONE SECONDO UNO SCRITTO DI S. CATERINA DA SIENA.  a1a ed. aARC. MODENA.bIMMAC. CONCEZ. TIP. PONT.cn.d. a331 p.  aSERVIZIO DI DIO. SALVEZZA E PERFEZIONE. AMORE DI DIO SOPRA OGNI COSA. RINUNZIA ALLE COSE CREATE. TUTTO PER LA GLORIA DI DIO. PERFEZIONE VERSO LA VERITÀ. DIMENTICANZA DI SÈ. CONSIDERAZIONE DI DIO. FRUTTI DELL'ABNEGAZIONE. ABNEGAZIONE DELLA VOLONTÀ. DIFFICO aSocietà San Paolo EM - Piazza San Paolo, 14 - 12051 ALBA (CN) (non commercial uses only) ® Copyright 2017 aSERVIZIO DI DIO. SALVEZZA E PERFEZIONE. AMORE DI DIO SOPRA OGNI COSA. RINUNZIA ALLE COSE CREATE. TUTTO PER LA GLORIA DI DIO. PERFEZIONE VERSO LA VERITÀ. DIMENTICANZA DI SÈ. CONSIDERAZIONE DI DIO. FRUTTI DELL'ABNEGAZIONE. ABNEGAZIONE DELLA VOLONTÀ. DIFFICO aPREDICAZIONE - ORATORIA SACRA